| 000 | 00459nab a2200145Ia 4500 | ||
|---|---|---|---|
| 003 | ES-SlBCS | ||
| 005 | 20210601133736.0 | ||
| 008 | 140529s2001 xxu||||| |||| 00| 0 por d | ||
| 041 | _apor | ||
| 100 | 1 |
_aMüller, Fernando Leonardo _9209043 |
|
| 245 | 0 | 0 |
_aEducaçao em Feyerabend _c Fernando Leonardo Müller |
| 600 | 1 |
_aFeyerabend, Paul K.-Aprendizaje _9209044 |
|
| 773 | 0 |
_tEducaçao e Filosofia _gvol. 15, nº. 30, 2001, págs. 35-52 _wRev1534 |
|
| 942 | _cAR | ||
| 999 |
_c601387 _d601387 |
||